Az országos katolikus nagygyűlések Magyarországon: válogatott beszédek és tudósítások / 1933-1947
| Contributors: | |
|---|---|
| Format: | Print Book |
| Language: | Hungarian |
| Subito Delivery Service: | Order now. |
| Check availability: | HBZ Gateway |
| Interlibrary Loan: | Interlibrary Loan for the Fachinformationsdienste (Specialized Information Services in Germany) |
| Published: |
Budapest
MTA Bölcsészettudományi Kutatóközpont, Történettudományi Intézet
2017
|
| In: |
Az országos katolikus nagygyűlések Magyarországon válogatott beszédek és tudósítások
Year: 2017 |
| Series/Journal: | Magyar történelmi emlékek / Okmánytárak / Egyháztörténeti források
9 |
| Standardized Subjects / Keyword chains: | B
Hungary
/ Catholic congress
/ Speech
/ Press
/ History 1933-1947
|
| Further subjects: | B
Spring
|
| Online Access: |
Table of Contents Register |
MARC
| LEADER | 00000cam a2200000 cc4500 | ||
|---|---|---|---|
| 001 | 1666124273 | ||
| 003 | DE-627 | ||
| 005 | 20251225214539.0 | ||
| 007 | tu | ||
| 008 | 190522s2017 hu ||||| 00| ||hun c | ||
| 020 | |a 9789634160465 |9 978-963-416-046-5 | ||
| 035 | |a (DE-627)1666124273 | ||
| 035 | |a (DE-599)KXP1666124273 | ||
| 035 | |a (DE-604)BV045209903 | ||
| 040 | |a DE-627 |b ger |c DE-627 |e rda | ||
| 041 | |a hun | ||
| 044 | |c XA-HU | ||
| 082 | 0 | |a 200.9 |q DE-604 |2 22/ger | |
| 082 | 0 | |a 907.2 |q DE-604 |2 22/ger | |
| 084 | |a 1 |2 ssgn | ||
| 084 | |a OST |q DE-12 |2 fid | ||
| 245 | 0 | 3 | |a Az országos katolikus nagygyűlések Magyarországon |b válogatott beszédek és tudósítások |p 1933-1947 |c a dokumentumokat válogatta, jegyzetelte és a bevezető tanulmányt írta Gianone András |
| 264 | 1 | |a Budapest |b MTA Bölcsészettudományi Kutatóközpont, Történettudományi Intézet |c 2017 | |
| 300 | |a 432 Seiten | ||
| 336 | |a Text |b txt |2 rdacontent | ||
| 337 | |a ohne Hilfsmittel zu benutzen |b n |2 rdamedia | ||
| 338 | |a Band |b nc |2 rdacarrier | ||
| 490 | 1 | |a Magyar történelmi emlékek |a Okmánytárak |a Egyháztörténeti források |v 9 | |
| 500 | |a Literaturverzeichnis Seite 409-418 | ||
| 655 | 7 | |a Quelle |0 (DE-588)4135952-5 |0 (DE-627)105661236 |0 (DE-576)209665084 |2 gnd-content | |
| 689 | 0 | 0 | |d g |0 (DE-588)4078541-5 |0 (DE-627)104826150 |0 (DE-576)209209097 |2 gnd |a Ungarn |
| 689 | 0 | 1 | |d s |0 (DE-588)4136615-3 |0 (DE-627)105656127 |0 (DE-576)20967072X |2 gnd |a Katholikentag |
| 689 | 0 | 2 | |d s |0 (DE-588)4048882-2 |0 (DE-627)10459859X |0 (DE-576)209079630 |2 gnd |a Rede |
| 689 | 0 | 3 | |d s |0 (DE-588)4047150-0 |0 (DE-627)106195492 |0 (DE-576)209072490 |2 gnd |a Presse |
| 689 | 0 | 4 | |q z |2 gnd |a Geschichte 1933-1947 |
| 689 | 0 | |5 DE-101 | |
| 700 | 1 | |a Gianone, András |e HerausgeberIn |e VerfasserIn von ergänzendem Text |4 edt |4 wst | |
| 773 | 1 | 8 | |a Az országos katolikus nagygyűlések Magyarországon válogatott beszédek és tudósítások |w (DE-627)1675661707 |q 3 |7 nnam |
| 830 | 0 | |a Magyar történelmi emlékek / Okmánytárak / Egyháztörténeti források |v 9 |9 9 |w (DE-627)837370280 |w (DE-576)446600229 |w (DE-600)2837353-4 |x 2416-0873 |7 am | |
| 856 | 4 | 2 | |u http://bvbr.bib-bvb.de:8991/F?func=service&doc_library=BVB01&local_base=BVB01&doc_number=030598723&sequence=000003&line_number=0001&func_code=DB_RECORDS&service_type=MEDIA |3 Inhaltsverzeichnis |7 1 |
| 856 | 4 | 2 | |u http://bvbr.bib-bvb.de:8991/F?func=service&doc_library=BVB01&local_base=BVB01&doc_number=030598723&sequence=000004&line_number=0002&func_code=DB_RECORDS&service_type=MEDIA |3 Register |7 1 |
| 889 | |w (DE-627)1724284886 | ||
| 935 | |a mteo | ||
| 951 | |a MV | ||
| ELC | |b 1 | ||
| LOK | |0 000 xxxxxcx a22 zn 4500 | ||
| LOK | |0 001 3723250378 | ||
| LOK | |0 003 DE-627 | ||
| LOK | |0 004 1666124273 | ||
| LOK | |0 005 20230606204225 | ||
| LOK | |0 008 200710||||||||||||||||ger||||||| | ||
| LOK | |0 035 |a (DE-Tue135)BVBBV045209903 | ||
| LOK | |0 040 |a DE-Tue135 |c DE-627 |d DE-Tue135 | ||
| LOK | |0 092 |o n | ||
| LOK | |0 852 |a DE-Tue135 | ||
| LOK | |0 852 1 |9 00 | ||
| LOK | |0 935 |a bsbo | ||
| LOK | |0 939 |a 10-07-20 |b l01 | ||
| ORI | |a SA-MARC-ixtheoa001.raw | ||
| REL | |a 1 | ||
| STA | 0 | 0 | |a Catholic congress,Katholikentag,Katholikentag,Hungary,Hungary,Hungary,Northeastern Hungary,Press,Speech,Speech,Address,Oration |
| STB | 0 | 0 | |a Discours,Discours (art oratoire),Hongrie,Katholikentag,Journées catholiques (pays germanophones),Journées catholiques,Presse,Presse |
| STC | 0 | 0 | |a Discurso,Discurso,Hungría,Jornada católica,Prensa |
| STD | 0 | 0 | |a Discorso,Discorso,Katholikentag,Giornata dei cattolici tedeschi,Giornata dei cattolici tedeschi,Stampa,Carta stampata,Carta stampata,Ungheria |
| STE | 0 | 0 | |a 匈牙利,天主教徒代表大会,公教日,天主教徒日大集会,新闻媒体,致词,讲话 |
| STF | 0 | 0 | |a 匈牙利,天主教徒代表大會,公教日,天主教徒日大集會,新聞媒體,致詞,講話 |
| STG | 0 | 0 | |a Discurso,Discurso,Hungria,Imprensa,Jornada católica |
| STH | 0 | 0 | |a Венгрия (мотив),Пресса,Речь (мотив),Речь (обращение),Съезд католиков |
| STI | 0 | 0 | |a Ημέρα των Καθολικών,Ομιλία (μοτίβο),Ομιλία,Ουγγαρία (μοτίβο),Τύπος |
| SUB | |a REL | ||
| SYG | 0 | 0 | |a Ungarische Räterepublik,Königreich Ungarn,Die Länder der ungarischen Krone,Transleithanien,Magyarország,Magyar Köztársaság,Magyar Tanácsköztársaság,Government of the Hungarian Republic,Zemalja Ugarske Krune,VNR,Ungern,Ungarische Republik,Republik Ungarn,Ungarische Volksrepublik,Volksrepublik Ungarn,Magyar Népköztársaság,Hungary,Hungarian Republic,Hongrie,Vengerskaja Narodnaja Respublika,Hungarian People's Republic,HPR,République Populaire Hongroise,Ungarische VR,Republic of Hungary,Vengrija , Katholikentage , Ansprache,Vortrag,Ansprache , Pressewesen |
| TIM | |a 100019330101_100019471231 |b Geschichte 1933-1947 | ||



